The confident parent. (Record no. 14699)

000 -LEADER
fixed length control field 00546nam a2200181 a 4500
001 - CONTROL NUMBER
control field :::00012532$&:&@@
003 - CONTROL NUMBER IDENTIFIER
control field OkBaRHE
005 - DATE AND TIME OF LATEST TRANSACTION
control field 20000607103420.0
008 - FIXED-LENGTH DATA ELEMENTS--GENERAL INFORMATION
fixed length control field s1979 j 000 0 eng u
040 ## - CATALOGING SOURCE
Transcribing agency
100 1# - MAIN ENTRY--PERSONAL NAME
Personal name Pedrick, Bob.
245 14 - TITLE STATEMENT
Title The confident parent.
260 ## - PUBLICATION, DISTRIBUTION, ETC. (IMPRINT)
Place of publication, distribution, etc Elgin, IL., :
Name of publisher, distributor, etc D.C. Cook Pub. Co.
Date of publication, distribution, etc c1979
300 ## - PHYSICAL DESCRIPTION
Extent 147 p. : diagrs. ;
Dimensions 21 cm.
650 ## - SUBJECT ADDED ENTRY--TOPICAL TERM
Topical term or geographic name as entry element Parenting
General subdivision United States
942 ## - ADDED ENTRY ELEMENTS (KOHA)
Source of classification or shelving scheme
Koha item type Books
Copies
Price effective from Permanent Location Barcode Copy number Date acquired Source of classification or shelving scheme Shelving location Koha item type Full call number Damaged status Withdrawn status Lost status Not for loan Date last seen
2010-04-14RHEMA Bible Training College1253212010-04-14 General StacksBooksHQ 755.8 .P42    2010-04-14